Delimitación de las libertades informativas: fijación de criterios para la resolución de conflictos en sede jurisdiccional

Saved in:
Bibliografiske detaljer
Hovedforfatter: Sánchez Ferriz, Remedio (Author)
Format: Bog
Sprog:spansk
Udgivet: Valencia Tirant lo Blanch 2004
Valencia Universitat de València 2004
Udgivelse:1a. ed
Serier:Propuestas. Monografía
Fag:
Tags: Tilføj Tag
Ingen Tags, Vær først til at tagge denne postø!

MARC

LEADER 00000nam a2200000 a 4500
001 UCK7633
003 CL-VaPUC
008 051202e20040000sp |||||||||||||||||spa|d
020 |a 8484429725 
020 |a 8437058619 
082 0 4 |a 342.460853  |b SAN  |2 21 
100 0 |a Sánchez Ferriz, Remedio  |e author  |9 497149 
245 1 0 |a Delimitación de las libertades informativas: fijación de criterios para la resolución de conflictos en sede jurisdiccional 
250 |a 1a. ed 
300 |a 340 p 
942 |c BK 
945 |d 20051202 00:00:00  |a cmena 
260 |a Valencia  |b Tirant lo Blanch  |c 2004 
260 |a Valencia  |b Universitat de València  |c 2004 
650 0 |a Libertad de información  |9 257205 
650 0 |a Derechos humanos  |9 223025 
650 0 |a Filosofía del derecho   |9 255050 
650 7 |a RESPONSABILIDAD CIVIL  |2 CL-VaPUC  |9 497150 
650 7 |a PROTECCION DEL HONOR  |2 CL-VaPUC  |9 497151 
650 7 |a DERECHO CONSTITUCIONAL ESPAÑOL  |2 CL-VaPUC  |9 435214 
650 0 |a Jurisprudencia  |9 255952 
651 0 |a España  |9 254926 
583 |a last modification  |c 20171218 06:38:23  |k Rodrigo Vera 
490 0 |a Propuestas. Monografía 
999 |c 315485  |d 315483 
952 |0 0  |1 0  |4 0  |6 342_460853000000000_SAN_2004_2004  |7 0  |8 A  |9 388790  |a BIBDER  |b BIBDER  |d 2019-11-22  |i 4188756  |o 342.460853 SAN 2004 2004  |p 4188756  |r 2023-01-25  |w 2019-11-22  |y BK  |k DER